Az alkotás dialektikus logikája - Angel Benkov: A tudományos és a művészeti alkotás logikája. Szófia 1974.
Elmentve itt :
| Szerző: | |
|---|---|
| Adatforrás: | Philobibl |
| Forrásdokumentuma: | Magyar Filozófiai Szemle 19 1975/1-2., 238-241. p. |
| Dokumentumtípus: | Cikk |
| Nyelv: | magyar |
| LEADER | 00393nab a2200097 c 4500 | ||
|---|---|---|---|
| 001 | bibDOK00008153 | ||
| 005 | 20200924120401.3 | ||
| 008 | 060518s1975 hu hun | ||
| 100 | 1 | |a Szigetvári Sándor | |
| 245 | 1 | 3 | |a Az alkotás dialektikus logikája - Angel Benkov: A tudományos és a művészeti alkotás logikája. Szófia 1974. |c Szigetvári Sándor |
| 773 | 0 | |t Magyar Filozófiai Szemle 19 |g 1975/1-2., 238-241. p. | |